000 02969cam a22003858i 4500
001 22276015
003 OSt
005 20240603053554.0
008 211018s2022 nyu b 001 0 eng
010 _a 2021050968
020 _a9780367766207
_q(hardback)
020 _a9780367766214
_q(paperback)
020 _z9781003167778
_q(ebook)
040 _aDLC
_beng
_erda
_cDLC
042 _apcc
050 0 0 _aNA2005
_b.C48 2022
082 0 0 _a720.71 C48 2022
_223/eng/20211027
100 1 _aChiavaroli, Julius J.,
_eauthor.
245 1 0 _aComprehensive and integrative architectural design /
_cJulius J. Chiavaroli, AIA, NCARB, LEED-AP.
263 _a2202
264 1 _aNew York, NY :
_bRoutledge,
_c2022.
300 _a108 pages 28 cm
336 _atext
_btxt
_2rdacontent
337 _aunmediated
_bn
_2rdamedia
338 _avolume
_bnc
_2rdacarrier
504 _aIncludes bibliographical references and index.
505 0 _aProgramming & analysis -- Project programming & design -- Project development & documentation : overview -- Construction & evaluation -- Summary and conclusions.
520 _a"Comprehensive and Integrative Architectural Design addresses integrative design - design that bridges the gap between architectural design and architectural technology. With its roots in sustainability, and with the universal acceptance of data driven design, it is widely acknowledged that integrative design completed in a comprehensive way is the process that will lead to a more sustainable and responsible built environment. Organized in order of the design process itself-pre-design, schematic design, and design development-this title demonstrates and instructs how design and technology are integrated. Another important feature of the text is how it clarifies the different ways in which the collateral organizations in architecture approach the discipline. This textbook brings together all the variations of terminology and the perspective of each organization in support of creating a comprehensive and integrative architectural design. Comprehensive and Integrative Architectural Design provides architecture students and faculty a definitive resource to assist them in executing an integrative solution to an architectural project. There are literally thousands of decisions that must be made when designing a building, from pre-design to schematic design to design development. With over 150 color illustrations, this text provides a framework for both instructors and students"--
_cProvided by publisher.
650 0 _aArchitecture
_xStudy and teaching.
650 0 _aArchitecture and technology
_xStudy and teaching.
776 0 8 _iOnline version:
_aChiavaroli, Julius J.
_tComprehensive and integrative architectural design
_dNew York, NY : Routledge, 2022
_z9781003167778
_w(DLC) 2021050969
906 _a7
_bcbc
_corignew
_d1
_eecip
_f20
_gy-gencatlg
942 _2ddc
_cBK-EN
_n0
999 _c6914
_d6914